|
|
|
|
| LEADER |
01071nam a2200277 u 4500 |
| 001 |
10060603 |
| 003 |
upatras |
| 005 |
20210117201032.0 |
| 008 |
070411s2003 us eng |
| 020 |
|
|
|a 0781742420
|
| 040 |
|
|
|a ΠΑΝΕΠΙΣΤΗΜΙΟ ΠΑΤΡΑΣ
|c ΠΑΝΕΠΙΣΤΗΜΙΟ ΠΑΤΡΑΣ
|
| 041 |
0 |
|
|a eng
|
| 084 |
|
|
|a WB 18.2
|
| 100 |
1 |
|
|a Nirula, R.
|9 53671
|
| 245 |
1 |
0 |
|a High-yield internal medicine
|c R. Nirula
|
| 260 |
|
|
|a Philadelphia
|b Lippincott Williams and Wilkins
|c 2003
|
| 300 |
|
|
|a xi, 223 p.
|b fig.
|c 26 cm.
|
| 504 |
|
|
|a Includes index
|
| 650 |
|
4 |
|a Εσωτερική παθολογία
|9 31462
|
| 650 |
|
4 |
|a Ιατρική εκπαίδευση
|9 31545
|
| 650 |
|
4 |
|a Παθολογία
|9 5202
|
| 852 |
|
|
|a GR-PaULI
|b ΠΑΤΡΑ
|b ΙΑΤΡΙΚΗ
|k ΑΣΧΞ-10
|h WB 18.2 NIR
|m 5655
|p 025000140366
|t 1
|
| 942 |
|
|
|2 ddc
|c BK15
|
| 952 |
|
|
|0 0
|1 0
|4 0
|6 WB_18_200000000000000_NIR
|7 0
|9 58192
|a MEDI
|b MEDI
|d 2016-04-24
|i 5655
|l 2
|m 1
|o WB 18.2 NIR
|p 025000140366
|r 2022-05-06 00:00:00
|s 2022-03-29
|t 1
|w 2016-04-24
|y BK15
|
| 998 |
|
|
|c MANIAKH
|d 2007-04
|
| 999 |
|
|
|c 36961
|d 36961
|